| 000 | 01076nabaa22002657a 4500 | ||
|---|---|---|---|
| 999 |
_c4804 _d4804 |
||
| 003 | OSt | ||
| 005 | 20220609113029.0 | ||
| 008 | 190701b xxu||||| |||| 00| 0 spa d | ||
| 040 | _cPJ | ||
| 100 |
_96001 _aEnrici, Luciano |
||
| 245 | 1 | 0 |
_aAcerca de la denominada "reconducción" procesal /
_cLuciano Enrici. |
| 300 | _ap. 85-98 | ||
| 500 | _aCita Online: AR/DOC/599/2022. | ||
| 505 | _aSumario: I. Introducción.— II. Algunos ejemplos de reconducción. Marco de aplicación y límites brindados por la judicatura.— III. Conclusiones. | ||
| 505 | _t¿Te interesa el texto completo? Comunicate al correo: koha@justierradelfuego.gov.ar | ||
| 650 | 0 |
_9211 _aDERECHO ADMINISTRATIVO |
|
| 650 | 0 |
_9877 _aADMINISTRACION PUBLICA |
|
| 650 | 0 |
_9938 _aEMPLEO PUBLICO |
|
| 650 | 0 |
_91051 _aMEDIDAS CAUTELARES |
|
| 650 | 0 |
_92018 _aREGIMEN DISCIPLINARIO ADMINISTRATIVO |
|
| 650 | 0 | _aSANCION | |
| 650 | 0 |
_91382 _aINDEMNIZACION |
|
| 773 | 0 |
_02842 _93251 _dBuenos Aires : AbeledoPerrot, 2012- _oDA121 _tDerecho administrativo. Nº 140 mar/abr 2022 _z18510590 |
|
| 942 |
_2udc _cANA |
||